000 00440nab a2200145Ia 4500
003 ES-SlBCS
005 20210601125225.0
008 140529s1969 xxu||||| |||| 00| 0 eng d
041 _aeng
100 1 _aFarber, Marvin
_9155585
245 0 4 _aThe Idea of a Naturalistic Logic
_c Marvin Farber
650 0 4 _aLógica Natural
_9151761
773 0 _tPhilosophy and Phenomenological Research
_gvol. 29, 1969, págs. 598-601
_wRev1411
942 _cAR
999 _c526776
_d526776